Bordering Countries with Most Combined Neighbours - Statistics

General Stats
  • This quiz has been taken 121 times
  • The average score is 41 of 44
Answer Stats
Country % Correct
China
100%
China
100%
China
100%
China
100%
China
100%
China
100%
China
100%
China
100%
China
100%
China
100%
China
100%
Russia
100%
Russia
100%
Russia
100%
Russia
100%
Russia
100%
Russia
100%
Russia
100%
Russia
100%
Russia
100%
India
97%
Kazakhstan
97%
Kazakhstan
97%
Ukraine
97%
Brazil
95%
France
92%
France
92%
France
92%
Pakistan
92%
Vietnam
92%
Germany
91%
Poland
91%
Myanmar
89%
Afghanistan
88%
Finland
86%
Italy
86%
Tajikistan
86%
Kyrgyzstan
85%
North Korea
84%
North Korea
84%
Laos
83%
Azerbaijan
82%
Georgia
80%
Norway
79%
No matching quizzes found
Score Distribution
Percent of People with Each Score
Percentile by Number Answered
Your Score History
You have not taken this quiz